000 00778nam a2200241 i 4500
001 C2-0321394
003 PPAK
005 20180728120558.0
008 130217s2012 my a|||| ||||| | eng d
020 _a9789674153038
040 _aPPAK
_beng
_cPPAK
_erda
082 0 4 _a915.95113
_223
090 0 0 _a915.95113
_bHOC
_dR
100 1 _aHockton, Keith,
_eauthor
245 1 0 _aPenang :
_ban inside guide to its historic homes, buildings, monuments and parks
264 1 _aPetaling Jaya, Selangor :
_bMPH Group Publishing ,
_c2012
300 _a195 pages :
_bcolour illustrations ;
_c20 cm
336 _2rdacontent
_atext
337 _2rdamedia
_aunmediated
338 _2rdacarrier
_avolume
650 1 0 _aPulau Pinang - Description and travel - Guidebooks.
942 _ddc
_cB
999 _c121874
_d121874